Qui réside à ces célèbres adresses ? 1 - Statistiques

Statistiques générales
  • Ce quiz a été pris 38 fois
  • Le résultat moyen est 6 sur 14
Statistiques - réponses
Hint Réponse % Correct
Chancellerie fédérale Chancelier allemand
75%
Kantei 1er ministre japonais
69%
The Lodge 1er ministre australien
64%
Manoir de Sao Bento 1er ministre portugais
64%
Lambermont 1er ministre belge
58%
24 Promenade Sussex 1er ministre canadien
44%
Marienborg 1er ministre danois
44%
Beit Aghion 1er ministre israélien
44%
Ballhausplatz 2 Chancelier fédéral autrichien
42%
Villa Maximos 1er ministre grec
33%
Palais de la Moncloa Président du gouvernement espagnol
31%
Palais Chigi Président du conseil italien
25%
Maison Stenbock 1er ministre estonien
22%
Palais de la Victoire 1er ministre roumain
14%
Aucun quiz correspondant
Distribution des résultats
% des personnes avec chaque résultat
Percentile par nombre de réponses
Votre historique - résultats
Vous n’avez pas pris ce quiz